Biggest objects orbiting the sun - Statistics

General Stats
  • This quiz has been taken 660 times
  • The average score is 11 of 18
Answer Stats
Radius Object % Correct
69 911 Jupiter
100%
6 371 Earth
99%
58 232 Saturn
99%
6 052 Venus
99%
3 390 Mars
98%
2 439 Mercury
98%
25 362 Uranus
98%
24 622 Neptune
97%
1 188 Pluto
96%
470 Ceres
52%
1 163 Eris
40%
715 Makemake
31%
798 Haumea
23%
453 Sedna
17%
615 Gonggong
10%
543 Quaoar
10%
455 Orcus
8%
423 Salacia
7%
No matching quizzes found
Score Distribution
Percent of People with Each Score
Percentile by Number Answered
Your Score History
You have not taken this quiz